Statistiques concernant Culture Générale - Série 151

Cliquez ici pour prendre le quiz!

Statistiques générales

  • Ce quiz a été pris 241 fois
  • Le résultat moyen est 5 sur 10

Statistiques - réponses

QuestionRéponse% Correct
Dans quel massif montagneux se situe le col du Galibier ?Alpes
90%
Quel nom porte la larve des batraciens ?Têtard
79%
Sur quelle île méditerranéenne se situe l'action des "Bronzés 3" ?Sardaigne
75%
Quelle est la monnaie officielle de l'Algérie ?Dinar
69%
En quelle année la carte Vitale a-t-elle été mise en circulation ?1998
50%
Dans quel art s'est illustré le Russe Ivan Tourgueniev ?Littérature
47%
Quel personnage du "Père Noël..." a pour gimmick "C'est cela, oui!" ?Pierre Mortez
32%
Comment se prénommait le père d'Antoine de Caunes ?Georges
31%
A quel auteur doit-on "Le Dahlia noir" adapté au cinéma par Brian De Palma ?James Ellroy
8%
A quelle femme écrivain doit-on "Pourquoi le Brésil ?" en 2002 ?Christine Angot
3%

Distribution des résultats

Percentile par nombre de réponses

% des personnes avec chaque résultat

Votre développement - résultats

Vous n’avez pas pris ce quiz